Name the football team - Statistics

General Stats
  • This quiz has been taken 15 times
  • The average score is 4 of 6
Answer Stats
Picture Answer % Correct
Arsenal
100%
Man c
100%
Barcelona
93%
Bayern Munich
93%
Madrid
43%
PSG
14%
No matching quizzes found
Score Distribution
Percent of People with Each Score
Percentile by Number Answered
Your Score History
You have not taken this quiz